[Event "Olympiad-35"]
[Site "Bled"]
[Date "2002.11.04"]
[Round "9.2"]
[White "Sturua, Zurab"]
[Black "Atalik, Suat"]
[Result "0-1"]
[WhiteElo "2536"]
[BlackElo "2575"]
[Annotator "Atalik,S"]
[PlyCount "28"]
[EventDate "2002.10.26"]
[EventType "team-swiss"]
[EventRounds "14"]
[EventCountry "SLO"]
[SourceTitle "CBM 092"]
[Source "ChessBase"]
[SourceDate "2003.02.06"]
[SourceVersion "1"]
[SourceVersionDate "2003.02.06"]
[SourceQuality "1"]
[WhiteTeam "Georgia"]
[BlackTeam "Bosnia&Herzegovina"]
[WhiteTeamCountry "GEO"]
[BlackTeamCountry "BIH"]

{I did not play the round before against Slovakia.} 1. Nf3 d5 2. d4 Nf6 3. c4
c6 4. Nc3 a6 5. c5 Nbd7 {The new fashion against whites most pricipla
continuation 5.c5.} 6. Bf4 Nh5 7. Be5 $5 $146 (7. Bg5 h6 8. Bd2 Qc7 $1 9. e4
dxe4 10. Nxe4 Ndf6 11. Nc3 (11. Nxf6+ Nxf6 12. Bc4 Bf5) 11... Be6 12. Ne5 g6
13. Qf3) 7... Nxe5 $1 {This natural move turns out to be the best.} ({since
things did not go well for black in} 7... f6 8. Bg3 e5 9. e4 $1 $40 {
Ulko-Zimina,Sankt Peterburg (Chigorin Memorial)2002.}) 8. dxe5 $6 {Very
ambitious.} (8. Nxe5 g6 (8... Nf4 9. e3 Ng6 10. f4) (8... Nf6 9. e3) 9. e3 Bg7
10. Be2 Bxe5 11. dxe5 Ng7 12. O-O O-O $13) 8... Nf4 9. Qd2 $6 {According to
Zurab this is already a mistake.} (9. a3 {Sturua} e6 10. Na4 (10. Qd4 Ng6)
10... Qc7 11. e3 Ng6 12. Qd4 f6 13. exf6 gxf6 14. Nb6 Rb8 15. Nxc8 e5 $1 16.
Nd6+ Qxd6 17. cxd6 exd4 18. Nxd4 Bxd6 $15) 9... Ng6 10. e4 e6 11. Na4 Bd7 $6 {
I could not see that deep the results of pawn sacrifice however it looks
pretty acceptable.} (11... dxe4 12. Qxd8+ Kxd8 13. Ng5 Nxe5 14. O-O-O+ (14. Nb6
$2 Rb8 15. Nc4 Nxc4 16. Nxf7+ Ke7 17. Nxh8 Nxb2 $17) 14... Kc7 15. Nxe4 Nd7 $1
16. Nd6 Nxc5 17. Nxf7 (17. Ne8+ Kb8 18. Nb6 Be7 19. Nxg7 Ne4 $17) 17... Rg8 $17
) 12. Bd3 {Draw offer.} Qc7 13. Qc3 (13. Nb6 Rd8) 13... Nf4 14. O-O $4 {
A terrible blunder.White should not castle either side.} ({Things are not that
simple after} 14. Kf1 $1 Be7 (14... Nxd3 $6 15. Qxd3 Qa5 16. Qd4 b6 (16... b5
$2 17. Nb6) (16... dxe4 $2 17. Ng5 e3 18. fxe3) 17. Rc1 bxc5 18. Nxc5 Bxc5 19.
Qxc5 Qxa2 20. Nd4 $44) 15. Bc2 O-O 16. Nb6 Rad8 17. Qe3 Ng6 $17) 14... dxe4 $19
{White loses a piece due to fork on e2.} 0-1

[Event "Valjevo"]
[Site "Valjevo"]
[Date "2007.06.16"]
[Round "4"]
[White "Ivanisevic, Ivan"]
[Black "Atalik, Suat"]
[Result "1/2-1/2"]
[WhiteElo "2614"]
[BlackElo "2584"]
[Annotator "Atalik,S"]
[PlyCount "83"]
[EventDate "2007.06.13"]
[EventType "tourn"]
[EventRounds "9"]
[EventCountry "YUG"]
[EventCategory "15"]
[SourceTitle "CBM 119"]
[Source "ChessBase"]
[SourceDate "2007.08.01"]
[SourceVersion "1"]
[SourceVersionDate "2007.08.01"]
[SourceQuality "1"]

1. d4 d5 2. c4 c6 3. Nf3 Nf6 4. Nc3 a6 5. h3 $5 {A favorite of Ivan Ivanisevic
and Viacheslav Eingorn.} e6 ({Would Alapin have chosen} 5... h6 6. cxd5 $1 cxd5
7. Bf4 Nc6 8. e3 e6 9. Bd3 Bd6 10. Bxd6 Qxd6 11. O-O O-O $14) 6. e3 Nbd7 (6...
c5 $6 7. cxd5 exd5 8. Bd3 Nc6 9. O-O $14) 7. Qc2 Bd6 8. g4 {This is the whole
idea.} dxc4 $5 (8... h6 9. Bd2 Qe7 10. O-O-O $13 {looked absolutely
incomprehensible to me during the hours of preparation.}) 9. e4 $5 (9. Bxc4 b6
$5 10. e4 Bb7 11. e5 c5 $13 {is what I wanted to play.}) 9... c5 (9... e5 {
looks more natural but} 10. Be3 b5 11. O-O-O $44 {is easier to handle with
White.}) 10. e5 {There is no way back} ({since} 10. dxc5 $6 Bxc5 11. e5 Nd5 12.
Bxc4 Nxc3 13. Qxc3 b5 14. Be2 Bb7 $17) 10... cxd4 11. exf6 dxc3 (11... Qxf6 $2
12. Ne4 Bb4+ 13. Bd2 Qxf3 14. Bxb4 Qxh1 15. Nd6+ $18) 12. fxg7 Rg8 13. Qxc3 $2
{A bad mistake.} (13. Bg2 $142 $1 {is the move.} Qf6 (13... cxb2 $6 14. Bxb2
Bb4+ 15. Ke2 $1 c3 16. Bxc3 Bxc3 17. Qxc3 Nb6 (17... Qf6 18. Rac1 Qxc3 19. Rxc3
Rxg7 20. Rhc1 Kd8 21. Rd1 $16) 18. Rhd1 Nd5 19. Qe5 Qe7 20. Rac1 Bd7 21. Nd4
$16) 14. O-O Nc5 (14... Ne5 15. Nxe5 Bxe5 16. bxc3 Bd7 17. Rb1 Rb8) 15. bxc3 (
15. Qxc3 Qxc3 16. bxc3 Rxg7 17. Nd2 f5 18. Nxc4 Bc7 $13) 15... h5 16. g5 Qxg7
17. Be3 Bd7 $13) 13... Qf6 $1 (13... b5 14. Bg2 Bb7 15. O-O $44) 14. Qxf6 Nxf6
15. Bxc4 (15. Bh6 $6 {looks good, but isn't.} Bb4+ 16. Ke2 c3 17. bxc3 Bxc3 18.
Rd1 b5 19. Bg2 Bb7 20. Rhg1 Rc8 21. Rd3 Ke7 $15) 15... b5 16. Bd3 Bb7 17. Ke2
h5 $1 $36 {Black takes over the initiative.} (17... e5 {It took me some time
to see that White does not lose a piece due to} 18. Bf5) (17... Rxg7 18. Bh6
$14) 18. gxh5 $1 {Despite damaging his pawn structure, White keeps the balance
by this.move.} (18. Bg5 $6 hxg4 19. hxg4 Nxg4 20. Rh8 Kd7 21. Rh7 Bxf3+ 22.
Kxf3 Ne5+ 23. Ke2 Nxd3 24. Kxd3 Be5 25. Bh6 Bxb2 $17) 18... Nxh5 19. Rg1 Rxg7
20. Rxg7 Nxg7 21. a4 $1 b4 $1 (21... bxa4 22. Rxa4 $11) 22. Be3 Nh5 23. Nd2 $2
{An inexplicable move.} (23. Rg1 Rc8 24. Rg8+ $1 Ke7 25. Rg4 $13) 23... Nf4+
24. Bxf4 Bxf4 25. Be4 Bxe4 {I played this a little bit too fast, missing the
fact that} (25... Rd8 $5 26. Bxb7 (26. Kf3 Rxd2 27. Bxb7 Be5 28. Re1 {
transposes.}) 26... Rxd2+ 27. Kf3 Be5 28. Re1 $8 (28. Bxa6 $2 Bd4 29. Rb1 (29.
Be2 Rxb2 30. Rd1 e5 31. a5 b3 32. a6 Rc2 $19) 29... Rxf2+ 30. Kg3 f5 $1 $17 (
30... Rxb2 $2 31. Rxb2 Bxb2 32. Bc4 Be5+ 33. Kf3 Bc7 34. h4 Ke7 35. Kg4 $3 f5+
36. Kg5 Bd8 37. Kg6 $11)) 28... Bxb2 29. Re2 $1 (29. Bxa6 Bd4 (29... Bc3 $2 30.
Re2 Rd4 31. Re4 $11) 30. Re2 Rd1 31. Bc4 Rc1 $19 {is terribly difficult for
White.}) 29... Rd3+ (29... Rxe2 $2 30. Kxe2 a5 31. Kd3 Bf6 32. Kc4 $11) 30. Re3
Rd6 $17) 26. Nxe4 Rc8 (26... Be5 27. Rg1 Ke7 28. b3 $15) 27. Rd1 Ke7 $2 {
However, this is the real mistake.} ({I had to probe the weakness of f2 as was
pointed out by Iordachescu.} 27... Rc2+ 28. Kf3 Be5 $1 (28... Bc7 $2 29. Rd2 b3
30. Rd3 f5 31. Ng5 Rxb2 32. Nxe6 Bb6 33. Ng7+ Kf8 34. Nxf5 Rxf2+ 35. Ke4 $11)
29. b3 f5 (29... Ke7 30. Rd2) 30. Nd6+ Ke7 31. Nc4 Bb8 $17) 28. Rd4 $1 {
I had absolutely missed this one.} a5 29. Nd2 Bxd2 $8 {A sad necessity!} (29...
Be5 $6 30. Rc4 Rh8 31. Nb3 Rxh3 32. Nxa5 Bxb2 33. Rxb4 $14) 30. Kxd2 $1 (30.
Rxd2 Rc4) 30... f5 31. b3 Kf6 32. Rc4 $1 $11 {By a series of precise moves
White has achieved an equal rook ending.} Rh8 33. h4 Ke5 34. Ke3 Kd6 35. Rd4+
Ke7 36. Rc4 e5 $5 (36... Kd6 37. Rd4+ $11) 37. Rc5 Kd6 38. Rxa5 Rxh4 39. Rb5
Re4+ (39... Rh3+ {leads to the famous ending.} 40. f3 e4 41. Rxf5 Rxf3+ 42.
Rxf3 exf3 43. Kxf3 Kd5 44. Kf2 Kd4 45. Kg2 (45. Kg3 Ke5 46. Kg4 Ke4 47. Kh4 Kd4
48. Kg5 Ke5 49. Kg6 Ke6 50. Kg7 Ke7 51. Kg8 Ke8 $11) 45... Ke4 46. Kf1 Kd4 47.
Ke1 Ke4 48. Kd2 Kd4 49. Kc2 Ke4 50. Kb2 Ke5 $11) 40. Kd3 Rd4+ 41. Ke2 Re4+ 42.
Kd3 (42. Kf1 Kc6 $11) 1/2-1/2

[Event "Olympiad-35"]
[Site "Bled"]
[Date "2002.11.01"]
[Round "7.2"]
[White "Illescas Cordoba, Miguel"]
[Black "Atalik, Suat"]
[Result "0-1"]
[WhiteElo "2585"]
[BlackElo "2575"]
[Annotator "Atalik,S"]
[PlyCount "106"]
[EventDate "2002.10.26"]
[EventType "team-swiss"]
[EventRounds "14"]
[EventCountry "SLO"]
[SourceTitle "CBM 092"]
[Source "ChessBase"]
[SourceDate "2003.02.06"]
[SourceVersion "1"]
[SourceVersionDate "2003.02.06"]
[SourceQuality "1"]
[WhiteTeam "Spain"]
[BlackTeam "Bosnia&Herzegovina"]
[WhiteTeamCountry "ESP"]
[BlackTeamCountry "BIH"]

1. Nf3 d5 2. d4 Nf6 3. c4 c6 4. Nc3 a6 {Back to the Chebanenko or Moldavian
Slav.I do not remember any game I have won or lost with this system,however
strangely that was my top scoring opening in Bled!} 5. e3 Bf5 $5 {A cool move
especially healing problems for black in 1.d4 d5 2.c4 c6 3.Nf3 Nf6 4.e3 Bf5 5.
Nc3 a6!? move order.} 6. Bd3 $5 {I am not very afraid of this either but the
other line needed some work on.} Bxd3 7. Qxd3 e6 8. O-O Be7 9. e4 O-O $5 {
Is this what is called a finesse?There is nothing wrong with the immediate
exchanges.} (9... dxe4 10. Nxe4 Nxe4 11. Qxe4 Nd7 12. Bf4 O-O) 10. b3 (10. Bf4
$1 dxe4 11. Nxe4 Nxe4 12. Qxe4 Nd7 13. Rfe1 Re8 14. Qc2 Qa5 {is almost the
same like the text.}) (10. e5 dxc4 11. Qxc4 Nd5 12. Ne4 h6 $13) 10... dxe4 11.
Nxe4 Nxe4 12. Qxe4 Nd7 13. Bf4 {Like in Catalan white opts for Bf4.} (13. Bb2
Qa5) 13... Qa5 14. Qc2 Rad8 15. Rad1 Rfe8 16. Rfe1 Bf6 $11 {Now we have an
equilibrium over the board,white has more space but black has better bishop.}
17. h3 Nf8 18. Bd2 ({I was expecting more} 18. Be5 Be7 19. Bg3 Ng6) 18... Qh5 (
18... Qc7 19. Bg5 {would have been dead equal.}) 19. Be3 Ng6 20. Qe4 {Draw
offer.} Nh4 {This does not change the equality but it requires some nerves to
defend areminiscent of Kmoch-Rubinstein,Semmering 1926 type of position for
white.} 21. Nxh4 Qxh4 22. Qxh4 Bxh4 $11 23. Kf1 Rd7 24. Ke2 Red8 25. Rd2 Be7 $1
{This looks more to the point than Bf6 ,and black has to watch for tactics
with d5.} 26. Red1 Bb4 27. Rd3 f6 28. Bd2 Bd6 29. Ba5 Re8 30. Kf3 Kf7 {So
during the last 5 moves black has slightly improved his position and now he
should go for and expansion on the kingside.} 31. Bb6 h5 32. Ke2 $6 ({Why not} 
32. h4) 32... g5 $1 33. a4 Rg8 34. Rh1 Be7 35. f3 h4 $36 {Now black king has a
harbour on f5.} 36. Rhd1 Rc8 {killing the possibility for any d5.} 37. Kd2 $2 {
This is a slight unforced error making space confined for Bb6.} (37. a5 $11)
37... Bb4+ 38. Kc2 a5 $1 $15 {Now the threat is Ra8-Ra6 thus for cing a better
rook ending.} 39. Rf1 $8 {Creating counterplay down on the f file.} Ra8 40. f4
gxf4 41. Rxf4 Rg8 $1 {Now g2 is a permanent headache for white.} 42. Rf2 {
Best under the circumstances.} (42. Rxh4 $6 Rxg2+ 43. Kd1 Kg6 44. Re4 (44. Rh8
Kg7 45. Rh4 f5 $17) 44... e5 $17) 42... f5 43. Kd1 $2 {A bad blunder!} (43. Re2
Rg6 44. Rde3 Re7 (44... Be7 45. Re5 Bb4 46. R5e3 Re7 47. Kd3 Rg8 48. Rf3 Kf6
$11) 45. Kd3 Rg8 46. Re5 Rg3+ 47. R5e3 $11 Re8 $140 $2 48. Rxg3 hxg3 49. Bc7)
43... c5 44. d5 $2 ({Most resilient was to admit the mistake on the last move.
} 44. Kc2 cxd4 45. Rxd4 Rxd4 46. Bxd4 Rg3 47. Re2 f4 48. Rf2 (48. Be5 f3 49.
gxf3 Rxh3 $17) 48... Bd6 49. Bb6 e5 50. Bxa5 Ke6 $17) 44... Kf6 45. d6 $4 {
loses at once.} (45. Rdf3 Rg5 $1 (45... Rg3 $6 46. Rxg3 hxg3 47. Rf3 exd5 48.
cxd5 Rxd5+ 49. Kc1 Rd2 50. Rxg3 Re2 51. h4) 46. Rf4 exd5 $17) 45... Rg3 $1 $19
{now the pawns walk!} 46. Rff3 Rxg2 47. Bc7 e5 48. Rde3 Rd2+ $1 49. Kc1 f4 50.
Rd3 {Nothing saves the day for white.} (50. Rf1 Kf5 51. Ref3 Ke4 52. R3f2 (52.
Bb8 Rg7 53. R3f2 Rxf2 54. Rxf2 Ke3 55. Rf1 f3 $19) 52... Rxf2 53. Rxf2 Ke3 $19)
50... Rxd3 51. Rxd3 e4 52. Rd1 e3 53. Rf1 e2 0-1

[Event "Augsburg"]
[Site "Augsburg"]
[Date "2004.12.28"]
[Round "2"]
[White "Bromberger, Stefan"]
[Black "Atalik, Suat"]
[Result "0-1"]
[WhiteElo "2440"]
[BlackElo "2541"]
[Annotator "Atalik,S"]
[PlyCount "120"]
[EventDate "2004.12.27"]
[EventType "tourn"]
[EventRounds "11"]
[EventCountry "GER"]
[EventCategory "8"]
[SourceTitle "CBM 104 Extra"]
[Source "ChessBase"]
[SourceDate "2005.03.01"]
[SourceVersion "1"]
[SourceVersionDate "2005.03.01"]
[SourceQuality "1"]

1. d4 d5 2. c4 c6 3. Nf3 Nf6 4. Nc3 a6 $5 {Moldavian Slav rerevisited!} 5. c5
Bg4 $5 (5... Nbd7 6. Bf4 Nh5 7. Bd2 $14 {is fashionable these days.}) 6. Qb3 (
6. Ne5 Bf5 $1 7. Bf4 Nbd7 8. e3 Nxe5 9. Bxe5 Nd7 10. Bg3 e5 11. Be2 (11. Bd3
Bxd3 12. Qxd3 Be7 (12... Qg5 $6 13. f4 exf4 14. exf4 $16) (12... e4 $6 13. Qe2)
13. O-O-O O-O $13) 11... Be7 12. O-O O-O 13. b4 Bf6 14. Qd2 Re8 15. Rfe1 Re6
$132) 6... Ra7 7. Ne5 Bf5 $1 (7... Bh5 $2 8. e4 $1 dxe4 9. Be2 e6 10. Bxh5 Nxh5
11. Nc4 $1 $40 {is known.}) 8. h3 $5 ({I was expecting the more direct} 8. f3
g6 9. e4 Be6 10. exd5 (10. Be3 Bg7 11. Qc2 (11. Be2 O-O (11... dxe4 $2 12. Bc4
Bxc4 (12... Nd5 13. Bxd5 cxd5 14. Qa4+ Bd7 15. Nxd7 Qxd7 16. fxe4 Qxa4 17. Nxa4
dxe4 18. d5 b5 19. cxb6 $18) 13. Qxc4 O-O 14. fxe4 Nbd7 15. Rd1 Qc7 16. Nxd7
Nxd7 17. O-O b5 18. Qb3 a5 19. e5 a4 20. Qc2 $16) 12. Qc2) 11... Nfd7 (11...
O-O $6 12. Be2 Ne8 (12... dxe4 13. fxe4 Nbd7 14. Bf4 (14. Nxd7 Qxd7 15. h3 (15.
O-O $2 Ng4 16. Bxg4 Bxd4) 15... Raa8 16. O-O $16) 14... Ne8) 13. O-O-O $1 (13.
O-O $2 dxe4 14. fxe4 Bxe5 15. dxe5 Nd7 $17 {is seen in one of many Hodgson
games in this line.}) 13... b6 (13... dxe4 $6 14. fxe4 Bxe5 15. dxe5 Qc7 16. h4
Qxe5 17. h5 g5 18. Bd4 $16) 14. cxb6 Qxb6 15. Na4 Qa5 16. a3 (16. Qc5 Qc7)
16... Nd6 17. Nc5 Bc8 18. h4 $16) 12. Nd3 b6 13. cxb6 Nxb6 14. Nc5 Bc8 15. e5
O-O $13) 10... Nxd5 11. Bc4 Bg7 $13) 8... g6 9. Bf4 Bg7 10. e3 O-O 11. Be2 Nfd7
$5 {A strange though playable move.} (11... Nbd7 $142 12. O-O (12. g4 $6 Be6
13. Nd3 Ne4 (13... b6 $6 14. cxb6 Nxb6 15. Ne5 $40) 14. f3 Nexc5 15. Nxc5 Nxc5
16. dxc5 d4 17. Qb6 dxc3 18. Qxa7 (18. bxc3 Bxc3+ 19. Kf2 Qa8 $19) 18... cxb2
19. Rb1 Bxa2 20. Kf2 Bxb1 21. Rxb1 Qd2 22. Qxb7 Qc2 23. Rd1 a5 24. Bg5 a4 25.
Bxe7 a3 26. Bxf8 Bxf8 $19) 12... Nxe5 13. Bxe5 Nd7 14. Bxg7 Kxg7 $14) 12. g4 $1
{Stefan comes up with the most dangerous approach!} Be6 (12... Bxe5 $6 13. Bxe5
Nxe5 14. gxf5 Ned7 15. fxg6 hxg6 (15... fxg6 16. f4) 16. f4 $16) 13. Nd3 $1 a5
(13... b6 14. Na4 (14. cxb6 Nxb6 15. Nc5 N8d7 16. Nxa6 (16. Nxe6 fxe6 17. Bg3
e5 18. O-O-O exd4 19. exd4 e5 20. dxe5 Bxe5 $36) 16... Nc4 17. Nb4 c5 $5 (17...
Qb6 18. Nc2 Qxb3 19. axb3 Rxa1+ 20. Nxa1 $16) (17... Rb7 18. Nxc6 Rxb3 19. Nxd8
Rxb2 20. Nxe6 fxe6 21. Nd1 Rc2 22. Bd3) 18. Nbxd5 (18. Nc6 $5 Na5 19. Nxa5 (19.
Nxd8 $2 Nxb3 20. Rd1 Nxd4 21. exd4 Rxd8 22. dxc5 Nxc5 $17) 19... Qxa5 20. Rd1
cxd4 21. exd4 Nb6 22. Qb5 (22. a3 Nc4 23. O-O Rc8 $44) 22... Na4) 18... Ncb6 (
18... Na5 19. Qd1 cxd4 20. exd4 Nc6 21. Be3 Bxd5 22. Nxd5 Qa5+ 23. Nc3 Rb8 24.
Rb1 Rab7 25. Qa4 Qxa4 26. Nxa4 Nxd4 (26... Bxd4 27. Rd1 Bxe3 28. fxe3 $16) 27.
b3) 19. O-O cxd4 20. exd4 Nxd5 21. Nxd5 Nf6 22. Nxf6+ Bxf6 $44) 14... bxc5 15.
Naxc5 Nxc5 16. Nxc5 Nd7 17. Rc1 Nxc5 18. Rxc5 Bd7 $14 {should not pose a lot
of problems for black.}) 14. Bg3 b6 $2 {A bad mistake.} (14... Na6 15. Nf4 b6
16. cxb6 Nxb6 $132 ({Even} 16... Qxb6 17. Qxb6 Nxb6 18. Nxe6 fxe6 19. Rc1 Nd7
$132)) 15. cxb6 $5 {I have seemingly underestimated this one.} (15. Na4 b5 (
15... bxc5 $6 16. Naxc5 Nxc5 17. Nxc5 Nd7 18. Nxe6 fxe6 19. Rc1 a4 20. Qc2 c5
21. dxc5 Qa5+ (21... Ra5 $2 22. c6 Rc5 23. Qd2 Qc8 24. c7 Rxc1+ 25. Qxc1 Qb7
26. O-O $18) 22. Kf1 a3 23. b3 $1 (23. bxa3 Rb7 24. c6 Rb2 25. Qd1 Nc5 26. Kg2
Ne4 27. Rc2 Nc3 28. Qd2 Rxc2 29. Qxc2 Rc8 $44) 23... Bb2 24. Kg2 Bxc1 25. Rxc1
$16) 16. Nc3 Na6) 15... Nxb6 16. Na4 Nxa4 17. Qxa4 Qb6 $2 {Another mistake.} (
17... Bd7 18. Nc5 Be8 19. O-O Nd7 20. Rac1 Nxc5 21. Rxc5 Qb6 $14 {is more
resilient.}) 18. Qb3 $1 $18 Nd7 $8 (18... Qxb3 19. axb3 Nd7 20. Kd2 Rc8 21.
Rhc1 $18) (18... Rb7 19. Qxb6 (19. Nc5 Qb4+) 19... Rxb6 20. Bc7 $18) 19. Qxb6
Nxb6 20. Rc1 Rc8 21. Rc2 Bd7 22. Nc5 Be8 23. Kd2 Bf8 24. Rhc1 Rca8 25. h4 a4
26. g5 Nc8 27. Nd3 Rb7 28. Nc5 Rba7 29. Nd3 Rb7 30. Ne5 Na7 31. h5 $6 {My
young opponent lost his patience.} (31. Bf3 $18) 31... gxh5 32. Rh1 (32. Nd3
Nc8 33. Nc5 Rba7 $132) 32... Nc8 (32... f6 33. gxf6 exf6 34. Nd3 Bg6 35. Bxh5
$16) 33. Nxc6 $2 {One mistake leads to another.} (33. Nd3 Nd6 34. Nc5 Ne4+ 35.
Nxe4 dxe4 36. f3 exf3 37. Bxf3 Ra5 38. Bf4 f6 39. gxf6 exf6 $16) (33. Kc1 Nd6
34. Bxh5 Ne4 35. Bf4 $16) 33... Bxc6 34. Rxc6 Rxb2+ 35. Rc2 Rxc2+ $1 ({Black
has no time for} 35... a3 $2 36. Rxh5 Nb6 37. Bd3 Rc8 38. Bxh7+ Kg7 39. Rxb2
axb2 40. Bf5 Rc1 41. Be5+ f6 42. Rh7+ Kg8 43. gxf6 exf6 44. Bxf6 Nc4+ 45. Ke2
b1=Q 46. Bxb1 Rxb1 47. Rd7 Rb2+ 48. Kf3 Rxa2 49. Rxd5 $14) 36. Kxc2 e6 37. Rxh5
Nd6 $1 (37... Ne7 38. Bd3 Rc8+ 39. Kd2 (39. Kb2 Ng6 $132) 39... Ng6 (39... Nf5
$6 40. Be5 Bb4+ 41. Kd1 Rc3 42. Bc2 Be7 43. e4 $16)) (37... Bd6 38. Bxd6 (38.
f4 Ne7 39. Bd3 Rc8+ 40. Kd1 Nf5 41. Bxf5 exf5 42. Rh6 Bf8 $36) 38... Nxd6 39.
Bd3 Rb8 40. Bxh7+ (40. Rh1 $2 a3 41. Rb1 Rxb1 42. Kxb1 Ne4 43. Bxe4 dxe4 44.
Kc2 f6 $19) 40... Kg7 41. Bd3 a3 42. Rh7+ Kg8 43. g6 Rb2+ 44. Kc3 Rxf2 45.
gxf7+ Nxf7 46. Bg6 Nh8 47. Bd3 Rxa2 48. Re7 $11) 38. Bxd6 $6 {Draw offer. This
probably does not lose but still it is risky.} (38. Bd3 Rc8+ 39. Kd2 $1 (39.
Kb1 $2 Ne4 40. Bxe4 dxe4 $17) (39. Kb2 Ne4 40. Bxe4 dxe4 41. Rh4 a3+ 42. Kb3
Rc1 43. Rxe4 Rb1+ $13) 39... Ne4+ 40. Bxe4 dxe4 41. Rh4 $1 $132) 38... Bxd6 39.
Rh1 Rc8+ 40. Kd3 $8 (40. Kb2 $2 a3+ 41. Kb3 Rb8+ $17) (40. Kb1 Ba3 $36) 40...
Bb4 41. Ra1 $1 (41. Rb1 $2 Rc3+ 42. Kd2 Rb3+ 43. Kc2 Rxb1 44. Kxb1 Be1 45. f3
Bf2 46. e4 dxe4 47. fxe4 Bxd4 $19) 41... Rc3+ 42. Kd2 Ra3+ 43. Kd1 (43. Kc2 $2
Bc3 44. Rf1 Rxa2+ 45. Kxc3 Rxe2 46. Kb4 Kg7 $19) 43... Ba5 $5 {Whatever I
would have done it seems to be a draw.} ({After the more logical} 43... Kg7 44.
Rb1 (44. Bb5 Be7 45. Kc2 $11) 44... Bc3 45. Rc1 Kg6 46. Bd3+ Kxg5 47. Bxh7 Bb2
48. Rc7 Rxa2 49. Rxf7 Bc3 50. Bg8 Rd2+ 51. Kc1 a3 52. f4+ Kh4 53. Rc7 a2 54.
Rxc3 a1=Q+ 55. Kxd2 $11 {draws.}) 44. Bb5 Kg7 45. Kc2 Rc3+ 46. Kd1 a3 47. Ke2
$4 {This is a real howler, the worst - we both have missed the obvious draw
with} (47. Rc1 $8 Rxc1+ 48. Kxc1 f6 49. gxf6+ Kxf6 $11) 47... Rc2+ 48. Kf3 Bd8
$1 (48... Bc3 49. Ba4 Rxf2+ 50. Kxf2 Bxa1 51. Kf3 $11) 49. Ba4 Rb2 50. Bb3 Bxg5
51. Kg3 (51. Rg1 Kg6 52. Kg3 h5 53. f4 Be7 54. Kf3+ Kf5 55. Rg7 Bh4 $19) 51...
f5 52. Rc1 h5 53. Rc2 Be7 54. f3 (54. Rc7 Kf7 55. Kf3 h4 56. Rc8 Bb4 $19) 54...
Bd6+ 55. Kh4 Kg6 56. Kh3 (56. f4 Bb4 $1 $19 (56... Rxc2 $2 {Black has to be
careful in some of these endgames draw comes.} 57. Bxc2 Bb4 58. Kg3 h4+ 59. Kf2
h3 60. Bd1 Kf6 61. Bf3 Bd2 62. Ke2 Bc1 63. Kd3 Ke7 64. Bh1 Kd6 65. Bf3 Kc6 66.
Bh1 Kb5 67. Bf3 Kb4 68. Bh1 Bxe3 69. Kxe3 Kc3 70. Bf3 Kb2 71. Kd2 Kxa2 72. Kc2
h2 73. Bh1 Ka1 74. Kc1 Ka2 75. Kc2 $11)) 56... Kg5 57. f4+ Kf6 58. Kh4 (58. Rc6
Ke7 59. Kh4 Re2 60. Rc3 Bb4 $19) 58... Bb4 59. Kxh5 (59. Rc6 Re2 60. Bxd5 Rxe3
$19) 59... Rxc2 60. Bxc2 Be1 $1 {is a beautiful finish, is not it?} ({After} 
60... Bd2 $4 61. Kh4 Bxe3 62. Kg3 Bxd4 63. Bb3 Ke7 64. Kf3 Kd6 65. Ke2 Bb2 66.
Kd2 Kc5 67. Ba4 Kd4 68. Bd7 Ke4 69. Bxe6 Bd4 70. Ke2 Bc5 71. Bf7 Bd6 72. Be6
Bxf4 73. Bd7 Be5 74. Ba4 f4 75. Bc2+ Kd4 76. Bb3 Bd6 77. Kf3 Bc7 78. Ke2 Ba5
79. Kf3 Bd2 80. Ke2 Be3 81. Kf3 Kc5 82. Ke2 d4 83. Be6 Kb4 84. Kd3 f3 85. Bg4
f2 86. Be2 Kc5 87. Ke4 Kd6 88. Bc4 Ke7 89. Ke5 $11 {it is just a draw.}) 0-1